000 00783nam a2200217 i 4500
001 51419
003 ES-MaACL
005 20250728181201.0
007 t|
008 030813s1962 sp ||||1| spa d
100 1 _aChartier, Michel.
_9166089
245 1 0 _aRegulación de los nacimientos
_b: (la curva térmica y otros métodos anticoncepcionales) /
_cDr. M. Chatier y cols. ; versión española de R. Sánchez Arcas ; [prólogo de Félix García].
260 _aMadrid :
_bMorata,
_c[1962]
300 _a159 p. :
_bgráf. ;
_c22 cm.
650 4 _aControl de natalidad.
_911338
650 _aAnticonceptivos.
_9168869
700 1 _aSánchez-Arcas, Ruperto.
_9102466
700 1 _aGarcía, Félix,
_d1897-1983
_9172116
852 _aES-MaACL
_jC-23485
999 _c51419
_d51419